Quizzes
Events
Quiz Creation
Community
Videos
Private Events
Remove Ads
Sign In
Join for FREE
Feedback
Dark Mode
Quiz Categories
Sports
Geography
Music
Movies
Television
Just For Fun
Miscellaneous
History
Literature
Language
Science
Gaming
Entertainment
Religion
Holiday
For Kids
Quiz Lab
Recent
Popular Today
Quiz Kudos Today
Editor Picks
Curator Picks
Quizzes by...
Day
Popularity
Type
Ratings
Length
Year
Community
Subscriptions
Recent Discussions
Orange Saloon
Badges
Playlists
Quests
Create
Leaderboards
Showdown
Live 5
Trivia Bingo
Activity
Puzzle Library
Sporcle Events
Private Events
Virtual Trivia
Globe League
Become a Host
Pub Owners
SporcleCon
Opinionation
Our Games
Videos
Blog
Mobile Apps
Partnerships
Remove Ads and Go Orange
Feedback
Music
Pop Music
The Beatles
Song
Album
Lyrics
Bands
Singers
Artist
Clip
Rock
Rap
Classical
Billboard
Country Music
Kpop
Taylor Swift
Music
Pop Music
The Beatles
Song
Album
Lyrics
Bands
Singers
Artist
Clip
Rock
Rap
Classical
Billboard
Country Music
Kpop
Taylor Swift
Random Quiz
Search Sporcle
×
Quiz Lab
Quiz Lab
Music
Rap
Type in answers that appear in a list
Type in answers that appear in a list
Classic
Best Score? Go Orange.
Rappers from Queens Stats
Can you name the Rappers from Queens
By
justinross161
11m
30 Questions
174 Plays
174 Plays
174 Plays
Comments
Comments
Give Quiz Kudos
Give Quiz Kudos
-
- Ratings
hide this ad
Replay
Link that replays current quiz
Next Quiz
Link to next quiz in quiz playlist
You Got
0%
They Got
Avg Score
28%
Avg Friend Score
Upgrade to see
Score Distribution
Jump to the score distribution portion of the page
Score
0/30
Timer
11:00
0
Plays Today
Hint
Answer
% Correct
Queensbridge
Nas
93.1%
South Jamaica
50 Cent
70.1%
Queensbridge
Prodigy
63.8%
Queensbridge
Havoc
58%
Hollis
RUN
45.4%
Hollis
DMC
44.3%
St. Albans
LL Cool J
43.7%
Corona
Kool G Rap
35.1%
St. Albans
Q-Tip
34.5%
Jamaica
Nicki Minaj
32.8%
Queensbridge
MC Shan
32.2%
LeFrak City
Nore
31.6%
South Jamaica
Lloyd Banks
31%
Queensbridge
Cormega
29.3%
Queensbridge
Capone
28.2%
Hint
Answer
% Correct
Hollis
Ja Rule
25.9%
Queensbridge
Nature
20.1%
Queensbridge
Roxanne Shante
19%
Queensbridge
Big Noyd
17.2%
Queensbridge
Marley Marl
17.2%
Queensbridge
Tragedy Khadafi
13.8%
South Jamaica
Mr. Cheeks
12.6%
Flushing
Action Bronson
12.1%
RIP
Freaky Tah
10.9%
Far Rockaway
MC Serch
9.8%
Dexter Raymond Mills, Jr.
Consequence
9.2%
Queensbridge
Craig G
8%
South Jamaica
Fredro Starr
8%
South Jamaica
Pharoahe Monch
6.3%
RIP
E Money Bags
6.3%
Quiz Playlist
Details
Report
Send in Message
Add To Playlist
Classic:
Type in answers that appear in a list
Last Updated: Feb 16, 2017
Quiz Scoreboard
CHALLENGE
Sign Up to Join the Scoreboard
Show All
Scores
Hide
Comments
May contain spoilers
Recently Published
Billboard Blitz: Fleetwood Mac
by CooCooCachoo
Music
15s
Presidents Visiting Landmarks
by Hejman
History
7m
An Introduction to Baseball
by treessimontrees
Sports
5m
More to Explore
Quiz From the Vault
Featured Blog Post
Where Did the Easter Bunny Come From?
hide this ad
You Might Also Like...
Tags
Rap Quiz
East Coast
Hip-Hop
nas
New York
Today's Top Quizzes in Music
Browse Music
hide this ad
Today's Top Quizzes in Rap
Browse Rap
Top Contributed Quizzes in Music
1
Taylor Swift All Songs (2024)
2
Guess the Artist- 70s Songs
3
7-to-1: Billboard Hot 100 #1 Hits of 2010s
4
Sorting Albums and Songs
5
Taylor Swift Logic Puzzle
6
One Thing in Common: Music
7
2010s Album by Cover III
8
KPOP LOGIC QUIZ
9
Guess the Taylor Swift song (Mystery Song)
10
Guess the Artist- 80s Songs
Explore More
Trending Topics
Crossword
Harry Potter
NBA
Marvel
Anime
Disney
Kpop
Song
Puzzle
Country
Soccer
The Office
WWE
Pokémon
NFL
hide this ad
More By:
justinross161
Quiz
Plays
Rating
Category
Featured
Created
Rappers from Queens
174
5.00
Music
May 24, 2014
Compton Rappers
91
Music
Jun 8, 2015
Go to Creator's Profile
Score Distribution
Quiz Creator Spotlight
justinross161
Follow
Send a Message
Quizzes Created
-
Created Quiz Play Count
-
More By This Creator
Popular Quizzes Today
1
Find the US States - No Outlines Minefield
2
Find the Countries of Europe - No Outlines Minefield
3
The Countries of the World
4
Find the US States
5
US States
6
Popular People in 1961
7
Risky Map Clicking: Biggest States A-Z
8
Movies - When Are They Set?
More Music Quizzes
How many Santan Dave songs can you name?
Quiz Lab
Trending Quizzes
Risky Map Clicking: Least Populous States A-Z
1-10 Letter G Words
1-10 Letter F Words
Risky Map Clicking: Next State Alphabetically
'A' Boys' Names Grid
Recently Updated
Leaping Animals
pecheneg
Reality TV Shows (A-Z)
bhenderson79
Rickey Henderson's Hall of Fame Teammates
pecheneg
Champions League XIs: Arsenal
pecheneg
Quick Pick: Celebrities in WWE's Hall of Fame
aduchscher
A-Z Keypad Blitz II
pecheneg
Multiple Oscar Actors
pecheneg
Mystery Phrase Blitz: Oscar 'Best Actors'
pecheneg
F. Scott Fitzgerald Novels
LTH
Pick 3 Villains
ddd62291
Trending Topics
Marvel
NBA
Kpop
Disney
Harry Potter
Anime
Crossword
Puzzle
Song
The Office
Soccer
Country
NFL
WWE
Pokémon
Your Account Isn't Verified!
In order to create a playlist on Sporcle, you need to verify the email address you used during registration. Go to your
Sporcle Settings
to finish the process.
Report this User
Report this user for behavior that violates our
Community Guidelines
.
Details:
Send Report
Go to the Sporcle.com Mobile Site →
Comments